000 00316nam a2200109Ia 4500
008 171211s9999 xx 000 0 und d
245 _a10 tricks to make amatuer video look professional : book 2
245 _cDanny Yann
260 _c2017
650 _xcinema
856 _uhttp://down.ebook777.com/063/B01MTAMURK.pdf
999 _c348735
_d348735